01534nam a2200409 i 450000100060000000300080000600500170001400600190003100700150005000800410006502000280010603500220013404000310015605000230018708000090021008200140021910000310023324500820026426400550034630000410040133600290044233700330047133800430050449000420054758800830058959001620067260000180083463000430085263000330089565000160092865000120094465500270095679700180098383000430100185600630104499900170110792794FINmELB20241217172138.0m o u cr cn|||||||||220525s2021 sp o 000 0 spa d a9788490737354q(e-book) a(OCoLC)1332519963 aFINmELBbspaerdacFINmELB14aBS511.3bS567 2021 a2-2304a220.62231 aSicre Díaz, José Luis.13aEl evangelio de Lucas :buna imagen distinta de Jesús /cJosé Luis Sicre. 1aEstella, Navarra :bEditorial Verbo Divino,c2021. a1 recurso en línea (549 páginas) atextobtxt2rdamedia/spa acomputadorabc2rdamedia/spa arecurso en líneabcr2rdacarrier/spa1 aColección Estudios bíblicos ;v80 aDescripción basada en metadatos suministrados por el editor y otras fuentes. aRecurso electrónico. Santa Fe, Arg.: elibro, 2021. Disponible vía World Wide Web. El acceso puede estar limitado para las bibliotecas afiliadas a elibro.00aJesus Christ.00aBiblexCriticism, interpretation, etc.00aBible.pNew TestamentpLuke. 4aReligión. 4aBiblia. 4aLibros electrónicos.2 aelibro, Corp. 0aColección Estudios bíblicos ;v80.40uhttps://elibro.net/ereader/politecnicointernacional/195872 c92794d92794